000 00464nam a2200181Ia 4500
001 3460
005 20260306145645.0
008 260306t1985||||xx |||||||||||||| ||spa||
041 _aESP
082 _a279.4676
_bG91
100 _aGuitarte Izquierdo, Vidal
_eAUT
245 0 _aObispos auxiliares en la historia del arzobispado de Valencia
260 _c1985
300 _a100 páginas :
_c24 cm.
650 _aGEN
654 _aCHU
942 _cLIB
_dJUS
_fJUS
_2ddc
_n
999 _c3460
_d3460